Engineering Physics (Record no. 90)
[ view plain ]
| 000 -LEADER | |
|---|---|
| fixed length control field | 00302nam a2200133Ia 4500 |
| 008 - FIXED-LENGTH DATA ELEMENTS--GENERAL INFORMATION | |
| fixed length control field | 191201s2009 xx 000 0 und d |
| 100 ## - MAIN ENTRY--PERSONAL NAME | |
| Personal name | YAGYIK,Y |
| 245 #0 - TITLE STATEMENT | |
| Title | Engineering Physics |
| 250 ## - EDITION STATEMENT | |
| Edition statement | Rev |
| 260 ## - PUBLICATION, DISTRIBUTION, ETC. (IMPRINT) | |
| Place of publication, distribution, etc | N. delhi |
| Name of publisher, distributor, etc | Ishan Publications |
| Date of publication, distribution, etc | 2009 |
| 300 ## - PHYSICAL DESCRIPTION | |
| Extent | 320 |
| 650 ## - SUBJECT ADDED ENTRY--TOPICAL TERM | |
| Topical term or geographic name as entry element | Applied |
| 942 ## - ADDED ENTRY ELEMENTS (KOHA) | |
| Source of classification or shelving scheme | Dewey Decimal Classification |
| Koha item type | Text Books |
| Withdrawn status | Lost status | Source of classification or shelving scheme | Damaged status | Not for loan | Collection code | Home library | Current library | Date acquired | Source of acquisition | Bill Number | Total Checkouts | Full call number | Acc. no. / Barcode | Date last seen | Bill Date | Koha item type | Public note |
|---|---|---|---|---|---|---|---|---|---|---|---|---|---|---|---|---|---|
| Dewey Decimal Classification | Applied Sc. | PIET C-LIBRARY | PIET C-LIBRARY | 24/02/2014 | Donated by Preeti Chooker | Donated by Preeti Chooker | 530 YAE | 23042 | 04/12/2019 | 21/02/2014 | Text Books | Donated by Preeti Chooker |